Le Kenya pour les touristes... - Facile - Statistiques

Statistiques générales
  • Ce quiz a été pris 24 fois
  • Le résultat moyen est 11 sur 20
Statistiques - réponses
Question Indice Réponses Indice facile % Correct
Quelles sont les langues officielles ? Anglais
100%
Le principal aéroport est N Nairobi
95%
Ce pays est plus grand que la France (oui/non) Oui
95%
Quel pays a accordé son indépendance à celui-ci ? Royaume-Uni
89%
Quelles sont les langues officielles ? Swahili S
84%
Quels est le climat local ? T Tropical
79%
Quelles sont les principaux lieux touristiques ? R Vallée du {Rift} TRIF
74%
Quelles sont les principaux lieux touristiques ? L Ile de {Lamu} MULA
68%
Le suffixe internet est ke
68%
La religion majoritaire est Christianisme C
58%
Quel est le régime du pays ? République
58%
Dans la capitale quel est le décalage horaire avec Paris ? (+ ou - et chiffre) ex - 10 0
47%
Quelles sont les principaux lieux touristiques ? MM Réserve de {Massaï-Mara} IMSSAAARAM
47%
Quelle est la monnaie ? Shilling kenyan S
37%
Achats à faire 1/ Sculptures en bois représentant des Animaux XUIMAAN
32%
Achats à faire 3/ Ressemble au sarong Kanga GANKA
32%
Achats à faire 2/ Objet sculptés en pierre de savon VASON
32%
Achats à faire 4/ Tissu orné de dessins naïfs Batik KITAB
26%
Quelles sont les principaux lieux touristiques ? A Parc d'{Amboseti} TAOIEMBS
5%
Code sur les plaques minéralogiques EAK
0%
Aucun quiz correspondant
Distribution des résultats
% des personnes avec chaque résultat
Percentile par nombre de réponses
Votre historique - résultats
Vous n’avez pas pris ce quiz